|
|
|
|
| LEADER |
01623nam a2200337 a 4500 |
| 001 |
EBC3319891 |
| 003 |
MiAaPQ |
| 005 |
20200520144314.0 |
| 006 |
m o d | |
| 007 |
cr cn||||||||| |
| 008 |
120120s2008 gw a sb 000 0 eng d |
| 020 |
|
|
|z 9783899583892
|
| 035 |
|
|
|a (MiAaPQ)EBC3319891
|
| 035 |
|
|
|a (Au-PeEL)EBL3319891
|
| 035 |
|
|
|a (CaPaEBR)ebr10522569
|
| 035 |
|
|
|a (OCoLC)778432744
|
| 040 |
|
|
|a MiAaPQ
|c MiAaPQ
|d MiAaPQ
|
| 050 |
|
4 |
|a HN49.C6
|b P76 2008
|
| 245 |
0 |
0 |
|a Proceeding of the mini workshop Southeast Asia Germany Alumni Network (SEAG)
|h [electronic resource] :
|b empowering of society through the animal health and production activities with the appreciation to the indigenous knowledge : May 3rd - 5, 2007 Manado, Indonesia /
|c editor: Bambang Pontjo Priosoeryanto.
|
| 260 |
|
|
|a Kassel, Hessen [Germany] :
|b Kassel University Press,
|c 2008.
|
| 300 |
|
|
|a 194 p. :
|b ill. (some col.).
|
| 490 |
1 |
|
|a Journal of agriculture and rural development in the tropics an subtropics. Supplement,
|x 1613-8422 ;
|v 90
|
| 504 |
|
|
|a Includes bibliographical references.
|
| 533 |
|
|
|a Electronic reproduction. Ann Arbor, MI : ProQuest, 2015. Available via World Wide Web. Access may be limited to ProQuest affiliated libraries.
|
| 650 |
|
0 |
|a Rural development.
|
| 650 |
|
0 |
|a Animal health.
|
| 655 |
|
4 |
|a Electronic books.
|
| 700 |
1 |
|
|a Priosoeryanto, Bambang Pontjo.
|
| 710 |
2 |
|
|a ProQuest (Firm)
|
| 830 |
|
0 |
|a Journal of agriculture and rural development in the tropics and subtropics.
|p Supplement ;
|v 90.
|
| 856 |
4 |
0 |
|u https://ebookcentral.proquest.com/lib/matrademy/detail.action?docID=3319891
|z Click to View
|